| 000 | 00637ntaaa2200229 4500 | ||
|---|---|---|---|
| 003 | 01 | ||
| 005 | 20251027202322.0 | ||
| 008 | 0714s1973 ag 01 | ||
| 040 |
_aAR-BaBN _bspa _cAR-BaBN _eaacr _dRIC |
||
| 082 | _a281.1000 Ag9 | ||
| 100 | _aAgustín, San (de Hipona) | ||
| 245 | _aObras de San Agustín | ||
| 250 | _a1 ed. | ||
| 260 |
_aMadrid : _bBibliotteca de Autores Cristianos, _c1950 |
||
| 300 | _a975 p | ||
| 500 | _aTomo II, Ej. 2En edición bilingüe - Latin, Español | ||
| 650 |
_apadres apostólicos _919656 |
||
| 650 |
_aSan Agustín _97859 |
||
| 700 |
_aP. Félix, _921745 |
||
| 700 |
_aOtros, _913169 |
||
| 942 | _cBK | ||
| 999 |
_c17999 _d17999 |
||